Score 0/20 Timer 05:00
1 Play Today
% Correct
Raiders of the Lost Ark (1981)
96.9%
Saving Private Ryan (1998)
95.2%
The Wizard of Oz (1939)
93.4%
Pulp Fiction (1994)
93.2%
The Lego Movie (2014)
92%
The Lord of the Rings Trilogy (2001-2003)
91.3%
Titanic (1997)
89.7%
Pirates of the Caribbean: Dead Man's Chest (2006)
83.7%
Citizen Kane (1941)
81.6%
Star Wars: The Force Awakens (2015)
80.4%
% Correct
Cast Away (2000)
79.1%
The Maltese Falcon (1941)
78.9%
Monty Python and the Holy Grail (1975)
78.1%
Casablanca (1942)
70.2%
Pee Wee's Big Adventure (1985)
64.2%
The Avengers (2012)
48.6%
Avatar (2009)
42.8%
Army of Darkness (1992)
28.3%
Man of Steel (2013)
20.9%
Crouching Tiger, Hidden Dragon (2000)
14.9%
Remove Ads.
Support Sporcle.
Get the best of Sporcle when you Go Orange. This ad-free experience offers more features, more stats, and more fun while also helping to support Sporcle. Thank you for becoming a member.

You're not logged in!

Compare scores with friends on all Sporcle quizzes.
OR
Log In

Show Comments

Extras

Top Quizzes Today


Score Distribution

Your Account Isn't Verified!

In order to create a playlist on Sporcle, you need to verify the email address you used during registration. Go to your Sporcle Settings to finish the process.

Report this User

Report this user for behavior that violates our Community Guidelines.

Details: